00304nam a2200121Ia 45000010005000000080041000050820025000461000015000712450024000862600030001109010027001409990015001671062241024s9999 xx 000 0 und d aRD/863.44/B742c/2009 aJuan Bosch 0aCuentos, Juan Bosch bEd. Amigo del Hogarc2009 a14/1/2011 2:44:40 p.m. c7829d7829